| 000 | 00870nmc a2200289 a 4500 | ||
|---|---|---|---|
| 003 | AR-BaBNM | ||
| 005 | 20251128203457.0 | ||
| 008 | 057019s1976 ||||||||||||||000 | spa|| | ||
| 020 | _a950-03-6712-2 | ||
| 040 | _cAR-BaBNM | ||
| 100 | 1 | _aMolina de Costallat, Dalila | |
| 245 | 1 | 0 |
_aPsicomotricidad _beducación gestual : la importancia de la acción en los primeros años de desarrollo |
| 250 | _a5ª ed. | ||
| 260 |
_aBuenos Aires _bLosada _c1976 |
||
| 300 | 0 | _a103 p. | |
| 490 | 0 |
_aActividades prácticas para niños de tres y cuatro años _vv. 3 |
|
| 504 | _aBibliografía p. 103 | ||
| 650 | 4 | _aPSICOMOTRICIDAD | |
| 650 | 4 | _aDESARROLLO DEL NINO | |
| 650 | 4 | _aDESARROLLO DE DESTREZAS | |
| 650 | 4 | _aDESARROLLO MOTOR | |
| 650 | 4 | _aSISTEMAS SENSORIALES | |
| 650 | 4 | _aJUEGOS EDUCATIVOS | |
| 653 | 0 | _aEXPRESION CORPORAL | |
| 942 | _cBK | ||
| 998 | _cCarmen | ||
| 999 |
_c3562 _d3562 |
||